00402 2200157 4500245003600000020002200036250001100058100001600069700002200085650002000107005001900127260006700146041001400213084000800227336000900235 aKepada UtaracShabrina WshText a978-023-118-056-0 aCet. 1 aShabrina Ws aR Andi Widjanarko aFiksi Indonesia a20240830091653 aJakartabKementrian Pendidikan, Keudayaan, Rset, dan Teknologi aIndonesia a813 atext